01469nam a2200265 a 450000500170000000800410001702000150005804100080007310000210008124500840010225000110018626000390019730000110023650001220024765300400036965300670040965300870047665301620056365300890072565300220081465300930083665300640092965300940099365301160108720240521090322.0100318t2005||||ag a f |||| 001 0 spa d a9874390654 aspa1 aPitarque, Raúl aTabaquismo en Argentina.bEnfermedad, discapacidad y muerte / cRaúl Pitarque a1a ed. aBuenos Aires: bUATA ; OPS;c2005. a182 p. aPitarque, R. (2005). Tabaquismo en Argentina. Enfermedad, discapacidad y muerte. (1a ed.). Buenos Aires : UATA ; OPS. aControl del tabaquismo en Argentina aMortalidad anual atribuible al tabaco en Argentina, año 2009 aMortallidad atribuible al tabaquismo en Argentina. Analisis de tendencia 1990-2000 aEstimulación de mortalidad prematura relacionada con el tabaco y años de vida perdidos ajustados por discapacidad (AVAD) para el año 2020, en Argentina aProductividad perdida en Argentina por la mortalidad atribuible al tabaco en adultos aTabaquismo pasivo aContaminación ambiental con nicotina en la Ciudad Autonoma de Buenos Aires, año 2002 aContrabando en Argentina: antecedentes y situación actual aPromoción del tabaco y de la imgen de las tabacaleras en Argentina: historias repetidas aConvenio Marco de la Organización Mundial de la Salud para el control del Tabaco y la Legislación Argentina